Marketing Management (Record no. 3347)

MARC details
000 -LEADER
fixed length control field 00406nam a22001697a 4500
005 - DATE AND TIME OF LATEST TRANSACTION
control field 20160621103316.0
008 - FIXED-LENGTH DATA ELEMENTS--GENERAL INFORMATION
fixed length control field 160621b xxu||||| |||| 00| 0 eng d
020 ## - INTERNATIONAL STANDARD BOOK NUMBER
ISBN 978-0333-93719-8
041 ## - LANGUAGE CODE
Language code of text/sound track or separate title eng
082 ## - DEWEY DECIMAL CLASSIFICATION NUMBER
Item number 8676
100 ## - MAIN ENTRY--AUTHOR NAME
Personal name Ramaswamy, U.S and Namakumari, S.
245 ## - TITLE STATEMENT
Title Marketing Management
260 ## - PUBLICATION, DISTRIBUTION, ETC. (IMPRINT)
Name of publisher Mac Millan
Year of publication 2008
300 ## - PHYSICAL DESCRIPTION
Number of Pages 717
650 ## - SUBJECT ADDED ENTRY--TOPICAL TERM
Topical Term Management
942 ## - ADDED ENTRY ELEMENTS (KOHA)
Koha item type Books
Holdings
Lost status Damaged status Collection code Home library Current library Shelving location Date acquired Cost, normal purchase price Full call number Accession Number Koha item type
    MANAGEMENT JRU Library JRU Library SHELF - 69 L 21/06/2016 390.00 8676 8676 Books
    MANAGEMENT JRU Library JRU Library SHELF - 69 L 21/06/2016 390.00 8676 8677 Books
    MANAGEMENT JRU Library JRU Library SHELF - 69 L 21/06/2016 390.00 8676 8678 Books